Dong Wu zheng zhi xue bao Soochow journal of political science.
東呉政治學報 = Soochow journal of political science.
| Título anterior: | Dong Wu zheng zhi she hui xue bao |
|---|---|
| Autor Corporativo: | |
| Formato: | Electrónico Revista |
| Lenguaje: | chino inglés |
| Publicado: |
Taibei Shi :
Dong Wu da xue,
1992-
|
| Materias: | |
| Acceso en línea: | Full text available from Research Library: 09/01/2011 to present |
MARC
| LEADER | 00000nas a2200000 a 4500 | ||
|---|---|---|---|
| 001 | ssj0001057425 | ||
| 003 | WaSeSS | ||
| 005 | 20200512172242.0 | ||
| 006 | m d | ||
| 007 | cr n | ||
| 008 | 920819c19929999ch tr p s 0 0chi c | ||
| 010 | |a 93645150 |z sn 92037470 | ||
| 022 | |l 1019-8636 |y 1019-8636 | ||
| 035 | |a (WaSeSS)ssj0001057425 | ||
| 037 | |b Soochow University, Shi Lin, Taipei 11102, Taiwan, Republic of China | ||
| 040 | |a PIT |b eng |c PIT |d DLC |d OCLCQ |d IUL |d CUS |d CUV |d OCLCQ |d OCLCA |d OCLCF |d OCLCA |d OCLCO |d OCLCQ |d IUL |d WaSeSS | ||
| 041 | 0 | |a chi |a eng | |
| 042 | |a pcc | ||
| 050 | 0 | 0 | |a JA26 |b .T86 |
| 082 | 0 | 0 | |a 320/.05 |2 20 |
| 222 | 0 | |a Dōngwú zhèngzhì xuébào | |
| 245 | 0 | 0 | |6 880-01 |a Dong Wu zheng zhi xue bao |h [electronic resource] = |b Soochow journal of political science. |
| 246 | 1 | 1 | |a Soochow journal of political science |
| 260 | |6 880-02 |a Taibei Shi : |b Dong Wu da xue, |c 1992- | ||
| 310 | |a Three no. a year, |b 2016- | ||
| 321 | |a Annual, |b 1992- | ||
| 321 | |a Semiannual, |b <2001>-2005 | ||
| 321 | |a Three times a year, |b 2006 | ||
| 321 | |a Quarterly, |b 2007-2015 | ||
| 362 | 0 | |6 880-03 |a Di 1 qi (Min guo 81 nian 3 yue [Mar. 1992])- | |
| 506 | |a License restrictions may limit access. | ||
| 515 | |a Numbering also in English. | ||
| 515 | |a Volume numbering in English begins with Vol. 25, no. 1 (Mar. 2007). | ||
| 546 | |a Chinese and English. | ||
| 588 | |a Latest issue consulted: Vol. 26, no. 4 (Dec. 2008). | ||
| 650 | 0 | |a Political science |v Periodicals. | |
| 650 | 7 | |a Political science. |2 fast |0 (OCoLC)fst01069781 | |
| 655 | 0 | |a Electronic journals. | |
| 710 | 2 | |6 880-04 |a Dong Wu da xue (Taipei, Taiwan) | |
| 780 | 0 | 1 | |6 880-06 |t Dong Wu zheng zhi she hui xue bao |x 0259-3785 |w (DLC) 80649235 |w (OCoLC)5359454 |
| 850 | |a DLC |a PPiU | ||
| 856 | 4 | 0 | |z Full text available from Research Library: 09/01/2011 to present |u https://search.proquest.com/publication/1016356 |
| 880 | 0 | 0 | |6 245-01/$1 |a 東呉政治學報 = |b Soochow journal of political science. |
| 880 | |6 260-02/$1 |a 臺北市 : |b 東吳大學, |c 1992- | ||
| 880 | 0 | |6 362-03/$1 |a 第 1 期 (民國 81 年 3 月 [Mar. 1992])- | |
| 880 | 2 | |6 710-04/$1 |a 東吳大學 (Taipei, Taiwan), |e issuing body. | |
| 880 | 0 | 8 | |6 776-05/$1 |i Online version: |t 東呉政治學報 |w (OCoLC)156443191 |
| 880 | 0 | 1 | |6 780-06/$1 |t 東呉政治社會學報 |x 0259-3785 |w (DLC) 80649235 |w (OCoLC)5359454 |